| 000 | 00464nam a2200169 a 4500 | ||
|---|---|---|---|
| 001 | 11385 | ||
| 003 | CO-ViMGA | ||
| 008 | 141112s2004 ck r 000 u spa d | ||
| 040 |
_aCO-ViMGA _bspa _cCO-ViMGA |
||
| 082 | 0 | 4 | _a177 C46s |
| 100 | 1 | _aChopra, Deepak | |
| 245 | 1 | 0 |
_aLas siete leyes espirituales del exito : _bguía práctica para la realización de los sueños |
| 260 |
_aBogotá : _bNorma, _c1994 |
||
| 300 | _a124 p | ||
| 650 | 1 | 4 | _aEXITO |
| 942 |
_2ddc _cBK |
||
| 999 |
_c22585 _d22585 |
||